000 00480nam a2200133 a 4500
008 120416s1960 ||||||||||||||||| || u
050 _aT 57.74 Gar
100 _aGarvin, Walter W
245 1 0 _aIntroduction to linear programming
260 _aNew York
_bMcGraw-Hill
_c1960
300 _axiv, 281p. : ill.
350 _a0.00
995 _D0.00
_FCBU-MAIN LIBRARY (Kitwe)
_H1
_I0.00
_M1
_UAVAILABLE
_ZAnnex Low-Usage Collection
999 _c47827
_d47827